Çevre hakkı (Record no. 12527)

MARC details
000 -BAŞLIK
Sabit Uzunlukta Kontrol Alanı 00649na a2200241 4500
001 - KONTROL NUMARASI
Denetim Alanı 24581
003 - KONTROL NUMARASI IDENTIFIER
Denetim Alanı MIRAKIL
005 - SON İŞLEM TARİHİ VE ZAMANI
Denetim Alanı 20190109120943.0
008 - SABİT-BOY VERİ ELEMANLARI - GENEL BİLGİLER
Sabit Uzunlukta Kontrol Alanı 181212b tu 000 0
020 ## - ULUSLARARASI STANDART KİTAP NUMARASI
Uluslararası Standart Kitap Numarası 9755331360
041 ## - DİL KODU
Metin / Ses Parça Veya Ayrı Başlığın Dil Kodu tur
082 ## - DEWEY ONLU SINIFLANDIRMA NUMARASI
Sınıflandırma Numarası 344.046
Ürün Numarası K21ç 1996
090 ## - SINIFLAMA NUMARASI
Sınıflama Numarası 344.046 K21ç 1996
100 ## - ANA GİRİŞ - KİŞİSEL İSİM
Kişisel Ad Kaboğlu, İbrahim Ö.
245 ## - BAŞLIK TABLOSU
Başlık Çevre hakkı
Sorumluluk Tablosu, Vb İbrahim Ö. Kaboğlu
250 ## - EDITION TABLOSU
Baskı Beyanı gözd. gçrl. ve gnşl. 3. bs.
260 ## - YAYIN, DAĞITIM, VB
Yayın, Dağıtım, Vb Yeri İstanbul
Yayıncı, Dağıtıcı, Vs Adı İmge Kitabevi
Yayın, Dağıtım, Vb Tarihi 1996
Üretici Firma Zirve Ofset
300 ## - FİZİKSEL TANIM
Kapsam 168 s.
Boyutlar 20 sm.
504 ## - KAYNAKÇA VB NOT
Kaynakça Vb Notu Dizin var.
650 ## - KONU KATMA GİRİŞ - TOPİKAL DÖNEM
Topikal Süreli Veya Coğrafi Ad Giriş Elemanı Çevre hukuku
650 ## - KONU KATMA GİRİŞ - TOPİKAL DÖNEM
Topikal Süreli Veya Coğrafi Ad Giriş Elemanı Hukuk ve mevzuat
Genel Alt Bölümü Türkiye
942 ## - EKLENDİ GİRİŞ ELEMANLARI (KOHA)
Sınıflandırma Veya Raf Düzeni Kaynak Dewey Decimal Classification
Koha Öğesi Türü Books
999 ## - SİSTEM KONTROL NUMARALARI (KOHA)
Koha Biblionumber 12527
Koha Biblioitemnumber 12527
Holdings
Kalıcı Konum Mevcut Konum Edinme Tarihi Edinim Kaynak Toplam Check-Out'Lar Tam Çağrı Numarası Barkod Tarih Son Görülme İtibaren Geçerli Fiyatlar Koha Öğesi Türü
CHP Kütüphanesi CHP Kütüphanesi 01/09/2019 Bağış   344.046 K21ç 1996 018658 01/09/2019 01/09/2019 Books